| 000 | 006190000a22002050004500 | ||
|---|---|---|---|
| 020 | _a958-04-0154-3 | ||
| 041 | 0 | _aSPA | |
| 082 | 0 | 4 | _aG 658.4 B4729m |
| 100 | 1 | _aBennis, Warren G. | |
| 245 | 1 | 0 | _aLíderes : Las cuatro claves del liderazgo eficaz / Warren Bennis, Burt Nanus ; Enrique Hoyos, Traductor |
| 260 | _aBogotá : Norma | ||
| 300 | _a170 Pág. | ||
| 500 | _aTítulo original : Leaders. The strategies for taking charge | ||
| 650 | 1 | 4 | _aADMINISTRACION |
| 001 | 14520 | ||
| 942 | _cBK | ||
| 999 |
_c43379 _d43379 |
||
| 336 |
_atexto _btxt _2rdacontent |
||
| 337 |
_2rdamedia _asin mediación _bn |
||
| 338 |
_2rdacarrier _avolumen _bnc |
||